Trái đất tổ quốc chung tuyên ngôn cho thiên niên kỷ mới = Terre - Patrie,Homeland Earth
Guardado en:
| Autor principal: | |
|---|---|
| Formato: | Libro |
| Lenguaje: | Undetermined |
| Publicado: |
H.
KHXH
2002
|
| Materias: | |
| Etiquetas: |
Agregar Etiqueta
Sin Etiquetas, Sea el primero en etiquetar este registro!
|
| Thư viện lưu trữ: | Trung tâm Học liệu Trường Đại học Cần Thơ |
|---|
| LEADER | 00601nam a2200193Ia 4500 | ||
|---|---|---|---|
| 001 | CTU_54278 | ||
| 008 | 210402s9999 xx 000 0 und d | ||
| 020 | |b 45000 | ||
| 082 | |a 909 | ||
| 082 | |b M858 | ||
| 100 | |a Edgar Morin | ||
| 245 | 0 | |a Trái đất tổ quốc chung tuyên ngôn cho thiên niên kỷ mới = | |
| 245 | 0 | |b Terre - Patrie,Homeland Earth | |
| 245 | 0 | |c Edgar Morin và Anne Brigitte Kern; Chu Tiến Ảnh biên dịch | |
| 260 | |a H. | ||
| 260 | |b KHXH | ||
| 260 | |c 2002 | ||
| 650 | |a world history | ||
| 980 | |a Trung tâm Học liệu Trường Đại học Cần Thơ | ||